| 000 | 00590nam a22001697a 4500 | ||
|---|---|---|---|
| 999 |
_c15649 _d15649 |
||
| 003 | AR-CdUCM | ||
| 008 | 190425b ||||| |||| 00| 0 spa d | ||
| 040 |
_aMUNICIPALIDAD PROVINCIAL DEL CUSCO _cBIBLIOTECA MUNICIPAL DEL CUSCO |
||
| 082 |
_aC / 051.320 / _bP252 |
||
| 245 | _aParlante barrial / | ||
| 260 |
_aCusco : _bCentro Guaman Poma de Ayala, _c1985. |
||
| 300 |
_a11 páginas ; _c21 cm. |
||
| 440 |
_aParlante _n07 _934786 |
||
| 505 | _aPorqué temen a un congreso democrático -- Por el gobierno regional -- Organización vecinal -- Titulación... | ||
| 942 |
_2ddc _cPP |
||
| 945 | _awfj | ||